01319nam a22002657a 4500003000800000008004100008037002000049039003900069040003500108041000800143080001400151100003200165245019500197260009400392300002300486502017200509650007000681655001200751700003600763700002600799710005800825942001300883999001700896952014000913BI-BuBU250520b2025 bd fr|||| 000 0 fre d bDon de l'auteur a20250520150040.0bThacien Mutabazi aBI-BuBUbfrecBI-BuBUdBI-BuBU0 afre a665.353.41 4aut.aKamara karamagi, Fred10aEtude de quelques paramètres de qualité des huiles de palme vendues dans les marchés de BujumburacFred Kamara Karamagi ; Séverin Sindayikengera, directeur, David Nahimana, directeur aBujumburabUniversité du Burundi, Faculté des Sciences, département de Chimiec2025 aXIII-55 f.c30 cm. aMémoire présenté et défendu publiquement en vue de l'obtention du diplôme de Master en Sciences Chimiques. Spécialité : Contrôle et Analyses Chimiques. 72BI-BuBUaHuile de PalmexQualitéxVenduezMarché de Bujumbura 2BI-BuBU1 4dir.aSindayikengera, Séverin1 4dir.aNahimana, David1 4aut.aUniversité du BurundibFaculté des Sciences 2udccMEM c52115d52115 00102udc4071983823aBCbBCd2025-05-20eDon de l'auteurl0oR.665.353.4 KAM.p5010000598693r2025-05-20t1w2025-05-20yMEMi241403